Middle-class consumers in emerging markets (Record no. 5238)

MARC details
000 -CABECERA
campo de control de longitud fija 02155nam a22003137a 4500
003 - IDENTIFICADOR DEL NÚMERO DE CONTROL
campo de control OSt
005 - FECHA Y HORA DE LA ÚLTIMA TRANSACCIÓN
campo de control 20260513173159.0
008 - DATOS DE LONGITUD FIJA--INFORMACIÓN GENERAL
campo de control de longitud fija 260121b |||||||| |||| 00| 0 eng d
022 ## - NÚMERO INTERNACIONAL NORMALIZADO PARA PUBLICACIONES SERIADAS
Número Internacional Normalizado para Publicaciones Seriadas 1547-7215
022 ## - NÚMERO INTERNACIONAL NORMALIZADO PARA PUBLICACIONES SERIADAS
Número Internacional Normalizado para Publicaciones Seriadas 1069-031X
040 ## - FUENTE DE LA CATALOGACIÓN
Centro catalogador/agencia de origen TBS
Lengua de catalogación EN
Centro/agencia transcriptor TBS
041 ## - CÓDIGO DE LENGUA
Código de lengua del texto/banda sonora o título independiente eng
100 ## - ENTRADA PRINCIPAL--NOMBRE DE PERSONA
Nombre de persona Cavusgil, S. Tamer
9 (RLIN) 508
Término indicativo de función/relación author
245 ## - MENCIÓN DE TÍTULO
Título Middle-class consumers in emerging markets
Resto del título : conceptualization, propositions, and implications for international marketers
Mención de responsabilidad, etc. / Tamer S. Cavusgil, Seyda Deligonul, Ilke Kardes, Erin Cavusgil.
260 ## - PUBLICACIÓN, DISTRIBUCIÓN, ETC.
Nombre del editor, distribuidor, etc. Journal of International Marketing,
Fecha de publicación, distribución, etc. 2018
300 ## - DESCRIPCIÓN FÍSICA
Extensión 94-108 pages.
362 ## - FECHAS DE PUBLICACIÓN Y/O DESIGNACIÓN SECUENCIAL
Fecha de publicación y/o designación secuencial Journal of International Marketing, 2018-09, Vol.26 (3), p.94-108
520 ## - SUMARIO, ETC.
Sumario, etc. As emerging markets gain significance in the global economy, understanding the middle-class customers within these dynamic economies becomes even more critical for international marketers. This article contributes to the limited but growing literature on this topic. International marketing scholars and practitioners should be better informed about this megatrend. What does the "middle class" really mean? What are the theoretical underpinnings for the middle-class phenomenon? What are the implications for international marketing? To address these pressing questions, the authors explore the middle-class phenomenon in emerging markets. Through an examination of conceptual underpinnings and empirical observations, they present a conceptualization and several theoretical propositions. Finally, they provide managerial and scholarly implications of the middle-class phenomenon and offer suggestions for further research.
630 #0 - PUNTO DE ACCESO ADICIONAL DE MATERIA--TÍTULO UNIFORME
Título uniforme MSc International Business
9 (RLIN) 26977
650 #0 - PUNTO DE ACCESO ADICIONAL DE MATERIA--TÉRMINO DE MATERIA
Término de materia o nombre geográfico como elemento de entrada Middle class
Subdivisión geográfica Developing countries
9 (RLIN) 27039
650 #0 - PUNTO DE ACCESO ADICIONAL DE MATERIA--TÉRMINO DE MATERIA
Término de materia o nombre geográfico como elemento de entrada Consumers
Subdivisión geográfica Developing countries
9 (RLIN) 27040
650 #0 - PUNTO DE ACCESO ADICIONAL DE MATERIA--TÉRMINO DE MATERIA
Término de materia o nombre geográfico como elemento de entrada Lifestyles
Subdivisión geográfica Developing countries
9 (RLIN) 27041
650 #0 - PUNTO DE ACCESO ADICIONAL DE MATERIA--TÉRMINO DE MATERIA
Término de materia o nombre geográfico como elemento de entrada Market Research/Competitive Intelligence
9 (RLIN) 11865
700 ## - ENTRADA AGREGADA--NOMBRE PERSONAL
Nombre de persona Deligonul, Seyda
9 (RLIN) 27042
Término indicativo de función/relación author
700 ## - ENTRADA AGREGADA--NOMBRE PERSONAL
Nombre de persona Kardes, Ilke
9 (RLIN) 27043
Término indicativo de función/relación author
700 ## - ENTRADA AGREGADA--NOMBRE PERSONAL
Nombre de persona Cavusgil, Erin
9 (RLIN) 27044
Término indicativo de función/relación author
856 ## - LOCALIZACIÓN Y ACCESO ELECTRÓNICOS
Identificador Uniforme del Recurso <a href="https://research-ebsco-com.hub.tbs-education.fr/c/q5dvh4/viewer/pdf/5j62m6mv5j">https://research-ebsco-com.hub.tbs-education.fr/c/q5dvh4/viewer/pdf/5j62m6mv5j</a>
942 ## - ELEMENTOS DE ENTRADA AGREGADA (KOHA)
Fuente del sistema de clasificación o colocación Clasificación de Library of Congress
Holdings
Estado de retiro Estado de pérdida Fuente del sistema de clasificación o colocación Estado dañado No para préstamo Biblioteca de origen Biblioteca actual Fecha de adquisición Total de préstamos Código de barras Fecha visto por última vez Identificador Uniforme del Recurso Precio válido a partir de Tipo de ítem Koha
    Clasificación de Library of Congress     TBS Barcelona TBS Barcelona 24/03/2026   5238 24/03/2026 https://research-ebsco-com.hub.tbs-education.fr/c/q5dvh4/viewer/pdf/5j62m6mv5j 24/03/2026 Academic Article

Powered by Koha